[Event "Barcelona Sants op-A18th"]
[Site "Barcelona"]
[Date "2016.08.19"]
[Round "1"]
[White "Cruz, Cristhian"]
[Black "Peer, Kobi"]
[Result "1-0"]
[WhiteElo "2533"]
[BlackElo "2129"]
[PlyCount "63"]
[EventDate "2016.08.19"]
[EventType "swiss"]
[EventRounds "10"]
[EventCountry "ESP"]
[SourceTitle "CBM 174 Extra"]
[Source "ChessBase"]
[SourceDate "2016.10.10"]
[SourceVersion "1"]
[SourceVersionDate "2016.10.10"]
[SourceQuality "1"]

1. d4 Nf6 2. c4 g6 3. g3 Bg7 4. Bg2 d5 5. cxd5 Nxd5 6. e4 Nb6 7. Ne2 0-0 8. 0-0 c6 9. Nbc3 N8d7 10. a4 Nf6 11. a5 Nbd7 12. e5 Ne8 13. a6 Nc7 14. axb7 Bxb7 15. Qb3 Nb6 16. Rd1 Ne6 17. Be3 Qd7 18. Nf4 Nxf4 19. Bxf4 Nd5 20. Ne4 Nxf4 21. gxf4 Rfb8 22. Nc5 Qc7 23. Qa4 a5 24. Nxb7 Rxb7 25. Bxc6 Rb4 26. Qxb4 axb4 27. Rxa8+ Bf8 28. d5 Kg7 29. Rxf8 Kxf8 30. d6 exd6 31. exd6 Qd8 32. d7 1-0